Guess the Footballers by their Career Paths #3 - Statistics

General Stats
  • This quiz has been taken 230 times
  • The average score is 7 of 10
Answer Stats
Players Clubs % Correct
Neymar
95%
Robert Lewandowski
89%
Andrés Iniesta
85%
Gianluigi Buffon
81%
Pelé
75%
Sergio Aguero
72%
Frank Lampard
59%
Edwin van der Sar
44%
Roy Keane
44%
Alessandro Nesta
33%
No matching quizzes found
Score Distribution
Percent of People with Each Score
Percentile by Number Answered
Your Score History
You have not taken this quiz